000 00353nam a2200145Ia 4500
008 150201s1989 xx 000 0 und d
082 _a611
_bM1993S
100 _aSINGH
245 _aMULTIPLE CHOICE QUESTIONS IN ANATOMY
250 _a1ST
260 _bJAYPEE MEDICAL PUBLISHER
_aDELHI
_c1989
300 _a1-293
650 _aANATOMY
942 _2ddc
_cBK
999 _c2477
_d2477